000 00706cas a2200217 a 4500
020 _a9789251087060
022 _a0258-6150
040 _cIXA
082 _aFAO TOW 2015 C131 Or.
245 0 0 _aTOWARDS EFFECTIVE NATIONAL FOREST FUNDS
246 3 _aFood and Agriculture Organization of the United Nations
246 3 0 _aForestry paper
246 1 3 _aEtude FAO, forĂȘts
246 1 3 _aEtudio FAO, montes
260 _aRome :
_bFood and Agriculture Organization of the United Nations,
_c1977-
300 _avolumes ;
_c28 cm.
650 0 _aForests and forestry
710 2 _aFood and Agriculture Organization of the United Nations
856 4 2 _uhttp://www.fao.org/forestry/58718/en/
942 _cAEDBB
999 _c20965
_d20965